00000000nam##2200000za#4500
0019.668757
003CaOODSP
00520210615124400
007ta
008150407|2007||||xxc|||||     f|0| 0 eng|d
020 |a978-0-662-69793-0
040 |aCaOODSP|beng
041 |aeng
041 |afre
043 |an-cn---
0861 |aM144-122/2007
1101 |aCanada.|bNatural Resources Canada. |bOffice of Energy Efficiency.
24512|aA new house that saves
260 |aOttawa - Ontario : |bNatural Resources Canada. |c2007.
300 |a1 folded sheet (English text, [4]p.) : |bphotographs ; |c22 cm.
500 |aAt head of title: ecoENERGY, an ecoACTION initiative.
563 |aPamphlet
590 |a07-41|b2007-10-12
69007|aEnergy efficiency|2gcpds
69007|aHousing|2gcpds
7760#|tUne maison neuve qui fait économiser |w(CaOODSP)9.634107
7760#|tA new house that saves |w(CaOODSP)9.689710
792 |tUne maison neuve qui fait économiser |efre|w(CaOODSP)9.668758